| 000 | 00583nam a2200145 a 4500 | ||
|---|---|---|---|
| 001 | 000039548 | ||
| 005 | 20240304103305.0 | ||
| 008 | 130708s2012 dr ac 000 0 spa d | ||
| 020 | _a9789945872897 | ||
| 040 |
_aDO-SdBNP _bspa _cBNPHU |
||
| 245 | 0 | 0 |
_aEspecies exóticas invasoras una amenaza a la biodiversidad : _borientaciones para un manejo adecuado. |
| 260 |
_aSanto Domingo : _bMinisterio de Medio Ambiente y Recursos Naturales, _c2012. |
||
| 300 |
_a27 p. : _bil. ; _c29 cm. |
||
| 710 | 1 |
_aRepública Dominicana. _b Secretaría de Estado de Medio Ambiente y Recursos Naturales _914503 |
|
| 999 |
_c39038 _d39038 |
||